• 首页
  • 本馆介绍
  • 公告通知
  • 最新文献
  • 馆藏检索
  • 电子资源
  • 读者导购
  • 参考咨询
  • 我的图书馆
  • 登录
  • 详细信息显示
  • 放入我的书架
  • 预约/预借图书
  • 作者相关作品
  • 分类相关作品
  • 丛书相关作品
  • 出版社相关作品

书目信息

  • 表格格式
  • 工作单格式
  • 卡片格式
题名:
六位对数表
    
 
作者: 布列米克尔 编 ;国家测绘总局 译
分册:  
出版信息: 北京   地质出版社  1973
页数: 596页
开本: 19cm
丛书名:
单 册:
中图分类: O1-644
科图分类:
主题词: 数学表-对数 , 对数-数学表 , 数学
电子资源:
ISBN:
000 00786nam0 2200265 45
001 0176001770
005 20060728105554.40
010    @b精装@dCNY2.70
100    @a19950927d1973 em y0chiy0121 ea
101 0  @achi
102    @aCN@b110000
105    @ak o 000yy
200 10 @a六位对数表@Aliu wei dui shu biao@f(德)C·布列米克尔编@F(de)C·bu lie mi ke er bian@g国家测绘总局译@Gguo jia ce hui zong ju yi
205    @a新1版
210    @a北京@c地质出版社@d1973
215    @a596页@d19cm
606    @a数学表-对数
606    @a对数-数学表
606 0  @a数学
690    @aO1-644
701  0 @a布列米克尔@Abu lie mi ke er@4编
712  0 @a国家测绘总局@Aguo jia ce hui zong ju@4译
801  0 @aCN@b广东省中山图书馆@c20060728
801  2 @aCN@bNLC@c20060531
905    @dO1-644@e280=2
    
    六位对数表/(德)C·布列米克尔编/国家测绘总局译.-新1版.-北京:地质出版社,1973
    596页;19cm
    
    
    ISBN (精装):CNY2.70
    
●
相关链接 在E读中查询图书 在五车中查询图书 在当当中查询图书 在豆瓣中查询图书


正题名:六位对数表     索取号:O1-644/280=2         预约/预借

序号 登录号 条形码 馆藏地/架位号 状态 备注
1 0442575   204425755   密集书库/ [索取号:O1-644/280=2] 在馆    
唐山师范学院图书馆 欢迎您!
大连网信软件有限公司© 版权所有